The times : a poem.

Bibliographic Details
Main Author: Markoe, Peter, 1752?-1792
Format: Microform Book
Language:English

MARC

Tag First Indicator Second Indicator Subfields
LEADER 00000cam a2200000 a 4500
001 in00000081286
005 20151008061019.0
007 he bm----b---
008 810617r19791788kyu b 00000 eng d
035 |a (OCoLC)07508200 
035 |9 AAJ7106AM 
040 |a MIA  |c MIA  |d TXA  |d UtOrBLW 
049 |a TXAI 
099 |a fiche  |a C  |a 3883 
100 1 |a Markoe, Peter,  |d 1752?-1792. 
245 1 4 |a The times :  |b a poem. 
264 3 |a Philadelphia :  |b Printed by William Spotswood,  |c 1788. 
300 |a 22 pages ;  |c 20 cm. 
336 |a text  |b txt  |2 rdacontent 
337 |a microform  |b h  |2 rdamedia 
338 |a microfiche  |b he  |2 rdacarrier 
500 |a "The satire is mostly aimed at persons rather than things; and at the present prevailing party in the government of Pennsylvania ... " -- cf. The American magazine. Sept. 1788, page 729. 
500 |a "Sabin : 44623." 
500 |a "Copied from the original in the Library of Congress." 
533 |a Microfiche.  |b Louisville, [Ky.] :  |c Lost Cause Press,  |d 1979.  |e 2 microfiches : negative ; 11 x 15 cm.  |f ([Bibliotheca Americana. Selected Americana. Microfiche ed. / J. Sabin]) (Fiche book) 
500 |a Microform. 
999 |a MARS 
999 f f |s a181d336-7fdd-3cbc-80a0-1b7a88543ead  |i 5c7a19ca-4834-3d0d-8bd8-53f44eb39597  |t 0 
952 f f |p normal  |a Texas A&M University  |b College Station  |c Sterling C. Evans Library  |d Evans: Microforms (3rd floor)  |t 0  |e fiche C 3883  |h Other scheme  |i microform -- microfiche  |m A14821396803 
998 f f |a fiche C 3883  |t 0  |l Evans: Microforms (3rd floor)